[Event "XLVI Festival A"]
[Site "Imperia ITA"]
[Date "2004.09.10"]
[Round "7"]
[White "Jurek, Josef"]
[Black "Simacek, Pavel"]
[WhiteElo "2387"]
[BlackElo "2439"]
[Result "1/2-1/2"]
[PlyCount "30"]
[EventDate "2004.09.05"]

1. d4 Nf6 2. c4 c5 3. d5 e6 4. Nc3 exd5 5. cxd5 d6 6. e4 g6 7. f4 Bg7 8. Bb5+
Nfd7 9. a4 O-O 10. Nf3 Na6 11. O-O Nc7 12. Bd3 a6 13. Kh1 Rb8 14. a5 b5 15.
axb6 Nxb6 1/2-1/2

[Event "XLVI Festival A"]
[Site "Imperia ITA"]
[Date "2004.09.10"]
[Round "7"]
[White "Krouzel, Jaroslav"]
[Black "Cugini, Verter"]
[WhiteElo "2117"]
[BlackElo "2219"]
[Result "0-1"]
[PlyCount "104"]
[EventDate "2004.09.05"]

1. d4 d6 2. Nf3 Nf6 3. c4 Bg4 4. Nc3 Bxf3 5. exf3 Nbd7 6. f4 c6 7. Be2 g6 8.
O-O Bg7 9. Bf3 O-O 10. Re1 e6 11. Be3 d5 12. c5 a5 13. a3 b6 14. b4 Qc7 15.
cxb6 Nxb6 16. Be2 axb4 17. axb4 Rxa1 18. Qxa1 Ra8 19. Qb2 Qa7 20. Rc1 Bf8 21.
g3 Ne8 22. Nd1 Qa4 23. Bd2 Nd6 24. Ne3 Qa2 25. Qxa2 Rxa2 26. Rc2 Rxc2 27. Nxc2
Nbc4 28. Be1 Bg7 29. f3 Kf8 30. Bd3 Ke8 31. Kf1 Kd7 32. Ke2 Kc7 33. Bxc4 Nxc4
34. Kd3 Kb6 35. Na1 Kb5 36. Nb3 Bf8 37. Nc5 Bxc5 38. dxc5 Ka4 39. Kc3 e5 40.
fxe5 Nxe5 41. Bf2 Nxf3 42. h3 Ng5 43. Be1 Nxh3 44. Kd4 f6 45. Bc3 Ng5 46. Ke3
Ne4 47. Be1 Kb5 48. Kd4 h5 49. Ke3 Kc4 50. Kf4 Ng5 51. Bd2 Ne6+ 52. Ke3 Nc7 0-1

[Event "XLVI Festival A"]
[Site "Imperia ITA"]
[Date "2004.09.10"]
[Round "7"]
[White "Likavsky, Tomas"]
[Black "Maksimenko, Andrei"]
[WhiteElo "2482"]
[BlackElo "2524"]
[Result "1-0"]
[PlyCount "35"]
[EventDate "2004.09.05"]

1. d4 Nf6 2. c4 g6 3. Nf3 d5 4. Nc3 Bg7 5. Qa4+ Bd7 6. Qb3 dxc4 7. Qxc4 O-O 8.
Bf4 Na6 9. e4 c5 10. dxc5 Rc8 11. e5 Ng4 12. h3 Nh6 13. b4 Be6 14. Qb5 Nc7 15.
Qd3 Nd5 16. Nxd5 Bxd5 17. Rd1 Bxa2 18. Qe3 1-0

[Event "XLVI Festival A"]
[Site "Imperia ITA"]
[Date "2004.09.10"]
[Round "7"]
[White "Maier, Christian"]
[Black "Korneev, Oleg"]
[WhiteElo "2356"]
[BlackElo "2587"]
[Result "0-1"]
[PlyCount "148"]
[EventDate "2004.09.05"]

1. e4 e5 2. Nf3 Nc6 3. Bc4 Bc5 4. c3 Nf6 5. d3 a6 6. Bb3 Ba7 7. Nbd2 O-O 8. h3
h6 9. g4 d6 10. Nf1 d5 11. Qe2 dxe4 12. dxe4 Nd7 13. Be3 Nc5 14. Rd1 Qe8 15. g5
Nxb3 16. gxh6 g6 17. axb3 Be6 18. Bxa7 Rxa7 19. c4 Qe7 20. Ne3 Qb4+ 21. Kf1
Raa8 22. Rd3 Rfe8 23. Kg2 Qe7 24. Nd5 Bxd5 25. cxd5 Na7 26. h4 Kh8 27. Ng5 Nb5
28. f4 Nd6 29. Rf1 exf4 30. Rxf4 f5 31. Re3 Qe5 32. Qf2 Re7 33. Kh3 Rae8 34.
Rg3 c6 35. dxc6 bxc6 36. Rgf3 Qf6 37. exf5 Nxf5 38. Qc5 Re1 39. Kg4 Nxh6+ 40.
Kh3 Nf5 41. Rxf5 gxf5 42. Rxf5 Qxb2 43. Rf8+ Kg7 44. Qa7+ R8e7 45. Rf7+ Kg6 46.
Rxe7 Rh1+ 47. Kg3 Qh2+ 48. Kf3 Rf1+ 49. Ke3 Qf2+ 50. Kd3 Rd1+ 51. Ke4 Re1+ 52.
Kd3 Qf1+ 53. Kc2 Rc1+ 54. Kb2 Rb1+ 55. Kc3 Rc1+ 56. Kb2 Rb1+ 57. Kc3 Qc1+ 58.
Kd4 Qd2+ 59. Kc5 Rc1+ 60. Kb6 Qb4+ 61. Kc7 Qxe7+ 62. Kb8 Qe8+ 63. Kc7 Qe7+ 64.
Kb8 Qxa7+ 65. Kxa7 Rb1 66. Kxa6 Rxb3 67. Ne4 Kh5 68. Nc5 Rb1 69. Nd3 Kxh4 70.
Ka5 Kg5 71. Ka4 Kf5 72. Nb4 c5 73. Nd5 Ke5 74. Nc3 Rb8 0-1

[Event "XLVI Festival A"]
[Site "Imperia ITA"]
[Date "2004.09.10"]
[Round "7"]
[White "Payen, Arnaud"]
[Black "Sarmir, Milos"]
[WhiteElo "2400"]
[BlackElo "2153"]
[Result "1-0"]
[PlyCount "95"]
[EventDate "2004.09.05"]

1. d4 Nf6 2. c4 e6 3. g3 d5 4. Nf3 c6 5. Qc2 Nbd7 6. Bg2 Be7 7. O-O O-O 8. Rd1
b6 9. b3 Bb7 10. Nc3 Rc8 11. e4 Nxe4 12. Nxe4 dxe4 13. Qxe4 Qc7 14. Bf4 Bd6 15.
Bxd6 Qxd6 16. c5 Qe7 17. b4 Rfd8 18. Rab1 Ba6 19. Qc2 Nf6 20. h4 h6 21. Ne5 Nd5
22. a4 Bb7 23. Nc4 Rb8 24. cxb6 Nxb6 25. Na5 Nd5 26. Qc5 Qc7 27. Bxd5 Rxd5 28.
Qxa7 Qd8 29. Nxb7 Qc7 30. Qa6 Rxb7 31. Qc4 Qd6 32. Kg2 Rd7 33. a5 Qc7 34. Rdc1
Qa7 35. Qxc6 Qxd4 36. Qc3 Qe4+ 37. Qf3 Qe5 38. a6 Qb8 39. Rc6 Rd3 40. Qf4 e5
41. Qc4 Rd8 42. b5 R3d4 43. Qc5 R4d5 44. Qb6 Qa8 45. Qb7 Kh7 46. Qxa8 Rxa8 47.
Rc7 Rb8 48. a7 1-0

[Event "XLVI Festival A"]
[Site "Imperia ITA"]
[Date "2004.09.10"]
[Round "7"]
[White "Poloch, Petr"]
[Black "Biolek, Richard jr"]
[WhiteElo "2291"]
[BlackElo "2076"]
[Result "1/2-1/2"]
[PlyCount "48"]
[EventDate "2004.09.05"]

1. b3 d5 2. Bb2 Nc6 3. Nf3 Bg4 4. e3 e5 5. h3 Bxf3 6. Qxf3 Nf6 7. Bb5 Bd6 8. c4
O-O 9. cxd5 Nb4 10. Qd1 Nbxd5 11. O-O c6 12. Be2 Nd7 13. d3 f5 14. Nd2 Rf6 15.
e4 Nf4 16. exf5 Nc5 17. Ne4 Rxf5 18. Bg4 Rf8 19. Nxc5 Bxc5 20. Bxe5 Nxd3 21.
Bg3 Qd4 22. Bf3 Bb6 23. Qc2 Nc5 24. Rad1 Qf6 1/2-1/2

[Event "XLVI Festival A"]
[Site "Imperia ITA"]
[Date "2004.09.10"]
[Round "7"]
[White "Raineri, Valerio"]
[Black "Feistenauer, Harald"]
[WhiteElo "2197"]
[BlackElo "2082"]
[Result "0-1"]
[PlyCount "96"]
[EventDate "2004.09.05"]

1. e4 Nf6 2. e5 Nd5 3. d4 d6 4. c4 Nb6 5. exd6 cxd6 6. Nc3 Nc6 7. Be3 g6 8. c5
dxc5 9. dxc5 Nd7 10. Qa4 Bg7 11. Rc1 O-O 12. Nf3 Nde5 13. Nxe5 Bxe5 14. Bb5 Be6
15. O-O Qc8 16. Rfe1 Qc7 17. Qh4 f5 18. Bc4 Bf7 19. Bh6 Bf6 20. Bxf7+ Rxf7 21.
Qc4 Ne5 22. Nd5 Nxc4 23. Nxc7 Rc8 24. Rxc4 Rxc7 25. b4 e5 26. b5 Rfd7 27. c6
Rd5 28. a4 bxc6 29. bxc6 Kf7 30. Be3 Bd8 31. g3 g5 32. f4 gxf4 33. gxf4 e4 34.
Bd4 Be7 35. Rec1 Bd6 36. Be3 Ke6 37. Kf2 Rd3 38. R1c2 Bxf4 39. Bxa7 Rxa7 40. c7
Bxc7 41. Rxc7 Rxc7 42. Rxc7 Ra3 43. Rxh7 Rxa4 44. Rh8 Ke5 45. h4 Kf4 46. Re8
Ra2+ 47. Ke1 Kf3 48. h5 e3 0-1

[Event "XLVI Festival A"]
[Site "Imperia ITA"]
[Date "2004.09.10"]
[Round "7"]
[White "Taborska, Veronika"]
[Black "Schwanengel, Ulrich"]
[WhiteElo "2089"]
[BlackElo "2074"]
[Result "1/2-1/2"]
[PlyCount "60"]
[EventDate "2004.09.05"]

1. d4 Nf6 2. c4 e6 3. Nc3 Bb4 4. e3 O-O 5. Bd3 d5 6. Nge2 c5 7. a3 cxd4 8. exd4
dxc4 9. Bxc4 Be7 10. O-O b6 11. d5 Qc7 12. Bb3 Nxd5 13. Nxd5 exd5 14. Bxd5 Bb7
15. Bf4 Qd7 16. Bxb7 Qxb7 17. Rc1 Na6 18. b4 Rac8 19. Qb3 Bf6 20. Ng3 g6 21. h3
Nc7 22. Rfe1 Ne6 23. Bh6 Rxc1 24. Rxc1 Rc8 25. Qd1 Rxc1 26. Qxc1 Qc7 27. Ne4
Qxc1+ 28. Bxc1 Be5 29. Kf1 f5 30. Nd2 b5 1/2-1/2

[Event "XLVI Festival A"]
[Site "Imperia ITA"]
[Date "2004.09.10"]
[Round "7"]
[White "Van Hoolandt, Patrick"]
[Black "Voloshin, Leonid"]
[WhiteElo "2245"]
[BlackElo "2494"]
[Result "0-1"]
[PlyCount "75"]
[EventDate "2004.09.05"]

1. c4 e5 2. g3 Nf6 3. Bg2 c6 4. d4 Bb4+ 5. Bd2 Bxd2+ 6. Qxd2 d6 7. e3 O-O 8.
Ne2 Qe7 9. O-O Bf5 10. Nbc3 e4 11. f3 exf3 12. Rxf3 Ne4 13. Nxe4 Bxe4 14. Rf4
Bxg2 15. Kxg2 Re8 16. e4 Nd7 17. Nc3 Nf8 18. Raf1 f6 19. h4 Rad8 20. b3 Qd7 21.
Rf5 Qe6 22. Kh2 Nd7 23. Qd1 a5 24. a4 c5 25. d5 Qe7 26. R5f4 Ne5 27. Kg2 Rf8
28. R4f2 Rf7 29. Rf4 Rdf8 30. R1f2 h5 31. Rf1 g6 32. Qe2 Kg7 33. Nd1 Rh8 34.
Nc3 Ng4 35. Qd3 Qe5 36. R4f3 Re8 37. Rf4 Qd4 38. Qc2 0-1

[Event "XLVI Festival A"]
[Site "Imperia ITA"]
[Date "2004.09.10"]
[Round "7"]
[White "Vrana, Frantisek"]
[Black "Spinelli, Doriano"]
[WhiteElo "2275"]
[BlackElo "2144"]
[Result "1-0"]
[PlyCount "65"]
[EventDate "2004.09.05"]

1. e4 d5 2. exd5 Nf6 3. d4 Bg4 4. Bb5+ Nbd7 5. f3 Bf5 6. c4 e6 7. dxe6 fxe6 8.
Bxd7+ Qxd7 9. Nc3 O-O-O 10. Be3 Bb4 11. Nge2 e5 12. d5 e4 13. Nd4 exf3 14. O-O
Bg4 15. Nxf3 Rhe8 16. Bf2 Bxc3 17. bxc3 Bxf3 18. Qxf3 Qa4 19. Qd3 Ne4 20. Bd4
c5 21. Bxg7 Nd6 22. Rf4 Rd7 23. Bf8 Nf7 24. Bxc5 Ne5 25. Qe2 Rxd5 26. cxd5 Qxf4
27. Bxa7 Qa4 28. Bd4 Nc4 29. Qf1 Rd8 30. Rb1 Nd2 31. Qb5 Qa8 32. Qc5+ Kd7 33.
Re1 1-0

[Event "XLVI Festival A"]
[Site "Imperia ITA"]
[Date "2004.09.11"]
[Round "8"]
[White "Astengo, Marcello"]
[Black "Raineri, Valerio"]
[WhiteElo "2056"]
[BlackElo "2197"]
[Result "1-0"]
[PlyCount "108"]
[EventDate "2004.09.05"]

1. d4 Nf6 2. c4 g6 3. Nc3 Bg7 4. e4 d6 5. f3 Nc6 6. Be3 e5 7. Nge2 O-O 8. Qd2
a6 9. d5 Ne7 10. c5 Nd7 11. cxd6 cxd6 12. g4 f5 13. g5 b5 14. Nc1 Nb6 15. b3 f4
16. Bg1 b4 17. Nd1 a5 18. a3 bxa3 19. Rxa3 Qc7 20. Qc3 Qa7 21. Nb2 Bd7 22. Nc4
Rfc8 23. Qa1 Nxc4 24. Bxa7 Nxa3 25. Qxa3 Rxa7 26. Bd3 Bh3 27. Kf2 Bf8 28. Ne2
Rd8 29. Rc1 Nc8 30. Rc6 Be7 31. Ra6 Rb7 32. Qxa5 Bd7 33. b4 Bxg5 34. Nc3 Rf8
35. Nb5 Bd8 36. Qa4 Bb6+ 37. Kg2 Ba7 38. Qa5 Bb6 39. Qa4 Ba7 40. Rc6 Be3 41.
Qb3 Rf6 42. Rc7 Rxc7 43. Nxc7 g5 44. Ne6 Rg6 45. Be2 h5 46. h3 Nb6 47. Qc3 Bxe6
48. dxe6 Rxe6 49. Qc7 Bd4 50. Bd1 d5 51. exd5 Rf6 52. d6 g4 53. Bc2 gxf3+ 54.
Kxf3 Kf8 1-0

[Event "XLVI Festival A"]
[Site "Imperia ITA"]
[Date "2004.09.11"]
[Round "8"]
[White "Biolek, Richard jr"]
[Black "Maier, Christian"]
[WhiteElo "2076"]
[BlackElo "2356"]
[Result "0-1"]
[PlyCount "144"]
[EventDate "2004.09.05"]

1. e4 e6 2. d4 d5 3. Nc3 Bb4 4. e5 Nh6 5. a3 Be7 6. Bxh6 gxh6 7. Qh5 c5 8. dxc5
Bxc5 9. Nf3 Nc6 10. Bd3 Bd7 11. O-O a6 12. b4 Ba7 13. Rab1 Nd4 14. Nxd4 Bxd4
15. Ne2 Bb6 16. Qxh6 Qe7 17. b5 a5 18. Nc3 Bd4 19. Na4 Bxe5 20. Nb6 Rd8 21.
Nxd7 Kxd7 22. Qe3 Qf6 23. Qb6 Rb8 24. Qe3 Rhg8 25. Kh1 Rg4 26. g3 h5 27. f4 Bd4
28. Qf3 Bc3 29. f5 Kd6 30. fxe6 Qxf3+ 31. Rxf3 fxe6 32. Kg2 h4 33. Kh3 Ra4 34.
Rb3 Be5 35. Bg6 hxg3 36. hxg3 Rh8+ 37. Kg2 Rg4 38. Bd3 a4 39. Rb1 Rhg8 40. Kf2
Bxg3+ 41. Ke2 Be5 42. Rf2 Bd4 43. Rh2 Bg1 44. Rh7 Rg2+ 45. Ke1 Bf2+ 46. Kd2
Bc5+ 47. Kc3 b6 48. Re1 R8g4 49. Kb2 Bd4+ 50. Kc1 Bc3 51. Rf1 Rg1 52. Rh1 Rxh1
53. Rxh1 Kc5 54. Kd1 e5 55. Rh6 Kd4 56. Bf1 Ba5 57. Rh3 e4 58. Ke2 Rg7 59. Kd1
Rc7 60. Be2 Rf7 61. Rg3 Bc3 62. Rg6 Rh7 63. Bf1 Rh2 64. Bg2 Ba5 65. Ke2 Rh7 66.
Rc6 Rg7 67. Kf1 Rg3 68. c4 dxc4 69. Bxe4 Kxe4 70. Rxc4+ Kf3 71. Rxa4 Rh3 72.
Kg1 Bd2 0-1

[Event "XLVI Festival A"]
[Site "Imperia ITA"]
[Date "2004.09.11"]
[Round "8"]
[White "Cavatorta, Fosco"]
[Black "Faraci, Antonino"]
[WhiteElo "2057"]
[BlackElo "2078"]
[Result "0-1"]
[PlyCount "114"]
[EventDate "2004.09.05"]

1. e4 c5 2. Nf3 d6 3. g3 Nc6 4. Bg2 g6 5. O-O Bg7 6. d3 Bd7 7. c3 e5 8. Na3
Nge7 9. Nc4 Bg4 10. h3 Be6 11. Ne3 h6 12. Nh4 Qd7 13. Nd5 g5 14. Nf5 Nxf5 15.
exf5 Bxf5 16. g4 Be6 17. Qf3 O-O-O 18. Be3 h5 19. Bxg5 hxg4 20. hxg4 Bxg4 21.
Qe4 Rdg8 22. f4 Bh3 23. Rf2 Bxg2 24. Rxg2 Qh3 25. Kf2 Bh6 26. Rag1 Bxg5 27.
fxg5 Rh4 28. Rg4 Rxg4 29. Qxg4+ Qxg4 30. Rxg4 Rg6 31. Kf3 Kd7 32. Nf6+ Ke6 33.
Ne4 b6 34. Kg3 d5 35. Nf6 Ne7 36. Nh7 Rg7 37. Nf8+ Kf5 38. Nd7 e4 39. dxe4+
dxe4 40. Rf4+ Ke6 41. Nf8+ Ke5 42. Nd7+ Kd6 43. Nf6 Rxg5+ 44. Kh4 Rg2 45. Rxe4
Ng6+ 46. Kh5 Rxb2 47. Ra4 a5 48. Kh6 Ke6 49. Kg7 Ne5 50. Nh5 c4 51. Nf4+ Kf5
52. Nd5 Ke4 53. Nxb6 Rxb6 54. Rxa5 f5 55. Ra8 f4 56. Rd8 f3 57. Rd4+ Ke3 0-1

[Event "XLVI Festival A"]
[Site "Imperia ITA"]
[Date "2004.09.11"]
[Round "8"]
[White "Cirabisi, Federico"]
[Black "Sarmir, Milos"]
[WhiteElo "2106"]
[BlackElo "2153"]
[Result "0-1"]
[PlyCount "72"]
[EventDate "2004.09.05"]

1. d4 Nf6 2. Nf3 e6 3. e3 d5 4. Bd3 Be7 5. O-O O-O 6. Nbd2 b6 7. Ne5 Bb7 8. f4
Nbd7 9. Qf3 c5 10. c3 Nxe5 11. fxe5 Nd7 12. Qh3 h6 13. Rf3 Kh8 14. e4 Bg5 15.
Rg3 cxd4 16. cxd4 Rc8 17. Qg4 Rg8 18. Nc4 Bxc1 19. Nd6 Qf8 20. Nxb7 Bxb2 21.
Rf1 Bxd4+ 22. Kh1 Nxe5 23. Qh4 Nxd3 24. Rxd3 e5 25. Rxd4 exd4 26. e5 f6 27. g4
Rc6 28. Qh3 Qe7 29. Nd6 Rxd6 30. exd6 Qxd6 31. Re1 Qb4 32. Qg3 Qc3 33. Qf2 d3
34. h4 d2 35. Rd1 Qh3+ 36. Qh2 Qf3+ 0-1

[Event "XLVI Festival A"]
[Site "Imperia ITA"]
[Date "2004.09.11"]
[Round "8"]
[White "Cugini, Verter"]
[Black "Payen, Arnaud"]
[WhiteElo "2219"]
[BlackElo "2400"]
[Result "0-1"]
[PlyCount "92"]
[EventDate "2004.09.05"]

1. e4 e5 2. Nf3 d6 3. d4 exd4 4. Nxd4 Nf6 5. Nc3 Be7 6. Be2 O-O 7. O-O Re8 8.
Be3 Bf8 9. Bf3 Nbd7 10. Re1 h6 11. h3 Ne5 12. Be2 Ng6 13. Bd3 Bd7 14. Nf3 c5
15. Qd2 Bc6 16. Bf4 b5 17. e5 dxe5 18. Bxg6 exf4 19. Rxe8 Qxe8 20. Re1 Qc8 21.
Be4 Nxe4 22. Nxe4 Qf5 23. Qd3 Re8 24. Ned2 Qxd3 25. cxd3 Rxe1+ 26. Nxe1 g5 27.
Nc2 f5 28. Nf3 Bd6 29. d4 Bxf3 30. dxc5 Bxc5 31. gxf3 Kf7 32. Kf1 Ke6 33. Ke2
Kd5 34. Ne1 a5 35. Nd3 Bd6 36. Kd2 h5 37. Ke2 Kd4 38. Ne1 a4 39. Nd3 h4 40. Ne1
Kc4 41. Kd1 b4 42. Kd2 b3 43. axb3+ Kxb3 44. Kc1 Be5 45. Nd3 Bd4 46. Kb1 g4 0-1

[Event "XLVI Festival A"]
[Site "Imperia ITA"]
[Date "2004.09.11"]
[Round "8"]
[White "Fornaro, Alberto"]
[Black "Taborska, Veronika"]
[WhiteElo "2002"]
[BlackElo "2089"]
[Result "0-1"]
[PlyCount "58"]
[EventDate "2004.09.05"]

1. e4 d6 2. d4 Nf6 3. Nc3 g6 4. f4 Bg7 5. Nf3 O-O 6. Bd3 Na6 7. Be3 c5 8. e5
Ng4 9. Bg1 cxd4 10. Bxd4 dxe5 11. fxe5 Nb4 12. Be4 Nc6 13. Bxc6 bxc6 14. Qe2
Qa5 15. h3 c5 16. b4 Qxb4 17. Rb1 Qa3 18. Nb5 Qxa2 19. Ra1 Qd5 20. hxg4 cxd4
21. Nc7 Qc6 22. Nxa8 Bxg4 23. Rxa7 Rxa8 24. Rxa8+ Qxa8 25. O-O Qd5 26. c4 dxc3
27. Rd1 Qc5+ 28. Kf1 Bxf3 29. gxf3 Bxe5 0-1

[Event "XLVI Festival A"]
[Site "Imperia ITA"]
[Date "2004.09.11"]
[Round "8"]
[White "Jandecka, Tomas"]
[Black "Pisk, Petr"]
[WhiteElo "2150"]
[BlackElo "2344"]
[Result "0-1"]
[PlyCount "98"]
[EventDate "2004.09.05"]

1. e4 c5 2. Nc3 e6 3. g3 d5 4. exd5 exd5 5. Bg2 Nf6 6. d3 d4 7. Ne4 Nxe4 8.
Bxe4 Bd6 9. Ne2 O-O 10. O-O Nd7 11. Nf4 Nf6 12. Bg2 Bg4 13. Bf3 Bxf4 14. Bxf4
Bxf3 15. Qxf3 Qd5 16. Kg2 Rfe8 17. Rfe1 Qxf3+ 18. Kxf3 Nd5 19. a3 f6 20. Bd6 b6
21. g4 Rxe1 22. Rxe1 Rd8 23. Bf4 Kf7 24. h4 Rc8 25. Re4 Rc6 26. Bg3 b5 27. Ke2
a5 28. Kd2 a4 29. c4 bxc4 30. dxc4 Nb6 31. Kd3 Nd7 32. f4 Rb6 33. Kc2 Rb3 34.
Bf2 d3+ 35. Kc1 h5 36. gxh5 f5 37. Re3 Nf6 38. Re5 Ng4 39. Bxc5 Nxe5 40. fxe5
Ke6 41. Bf8 f4 42. h6 gxh6 43. Bxh6 f3 44. Be3 d2+ 45. Kxd2 Rxb2+ 46. Kc3 f2
47. Bxf2 Rxf2 48. Kb4 Kxe5 49. Kxa4 Kd4 0-1

[Event "XLVI Festival A"]
[Site "Imperia ITA"]
[Date "2004.09.11"]
[Round "8"]
[White "Kalod, Radek"]
[Black "Jurek, Josef"]
[WhiteElo "2461"]
[BlackElo "2387"]
[Result "1/2-1/2"]
[PlyCount "26"]
[EventDate "2004.09.05"]

1. e4 e6 2. d4 d5 3. Nc3 Bb4 4. Bd3 dxe4 5. Bxe4 Nf6 6. Bf3 c5 7. Nge2 Nc6 8.
Be3 cxd4 9. Nxd4 Nd5 10. Nxc6 bxc6 11. O-O O-O 12. Nxd5 cxd5 13. a3 Bd6 1/2-1/2

[Event "XLVI Festival A"]
[Site "Imperia ITA"]
[Date "2004.09.11"]
[Round "8"]
[White "Malano, Francesco"]
[Black "Schwanengel, Ulrich"]
[WhiteElo "2068"]
[BlackElo "2074"]
[Result "0-1"]
[PlyCount "68"]
[EventDate "2004.09.05"]

1. f4 d5 2. e3 g6 3. Nf3 Bg7 4. Be2 Nf6 5. O-O O-O 6. d3 c5 7. Qe1 Nc6 8. Qh4
Bg4 9. h3 Bxf3 10. Rxf3 e6 11. g4 Ne8 12. Qg3 Nd6 13. c3 e5 14. f5 e4 15. Rf1
Be5 16. Qg2 Qh4 17. d4 Bg3 18. dxc5 Ne8 19. Nd2 Ng7 20. c4 gxf5 21. cxd5 Nb4
22. gxf5 Rfe8 23. f6 Nc2 24. Nxe4 Rxe4 25. Rf3 Nh5 26. Bd3 Ne1 27. Rxg3+ Nxg3
28. Bxe4 Kh8 29. Qf2 Qxe4 30. Qxe1 Qh1+ 31. Kf2 Qh2+ 32. Kf3 Rg8 33. e4 Nf1 34.
Bf4 Qg2# 0-1

[Event "XLVI Festival A"]
[Site "Imperia ITA"]
[Date "2004.09.11"]
[Round "8"]
[White "Mozny, Milos"]
[Black "Barlocco, Carlo"]
[WhiteElo "2376"]
[BlackElo "2148"]
[Result "1-0"]
[PlyCount "69"]
[EventDate "2004.09.05"]

1. d4 d5 2. Nf3 Nf6 3. c4 c6 4. cxd5 cxd5 5. Nc3 Nc6 6. Bf4 e6 7. e3 Be7 8. Bd3
O-O 9. O-O Nh5 10. Be5 f5 11. a3 Nf6 12. b4 Bd7 13. Na4 a5 14. b5 Nxe5 15. Nxe5
Rc8 16. Qb3 Bd6 17. f4 Ne4 18. Bxe4 fxe4 19. Nxd7 Qxd7 20. Nb6 Qf7 21. Nxc8
Rxc8 22. Rac1 Rxc1 23. Rxc1 g5 24. g3 gxf4 25. gxf4 Qh5 26. Qc2 Bxa3 27. Qg2+
Kf7 28. Rc7+ Be7 29. Rxb7 a4 30. Ra7 Qd1+ 31. Qf1 Qb3 32. Qe2 Kf6 33. Kg2 a3
34. Qh5 Qxb5 35. Qg5+ 1-0

[Event "XLVI Festival A"]
[Site "Imperia ITA"]
[Date "2004.09.11"]
[Round "8"]
[White "Poloch, Petr"]
[Black "Van Hoolandt, Patrick"]
[WhiteElo "2291"]
[BlackElo "2245"]
[Result "1/2-1/2"]
[PlyCount "41"]
[EventDate "2004.09.05"]

1. e4 e5 2. Nf3 Nc6 3. Bb5 Nf6 4. O-O Nxe4 5. Re1 Nd6 6. Ba4 Be7 7. Nxe5 Nxe5
8. Rxe5 O-O 9. d4 Nc4 10. Re1 d5 11. Nd2 Nb6 12. Bb5 Bd6 13. Qh5 c6 14. Bd3 g6
15. Qh6 Re8 16. Rxe8+ Qxe8 17. Nf3 Bf8 18. Qh4 Bg7 19. Bf4 f6 20. Re1 Be6 21.
h3 1/2-1/2

[Event "XLVI Festival A"]
[Site "Imperia ITA"]
[Date "2004.09.11"]
[Round "8"]
[White "Schacher, Gerd"]
[Black "Vrana, Frantisek"]
[WhiteElo "2246"]
[BlackElo "2275"]
[Result "1-0"]
[PlyCount "67"]
[EventDate "2004.09.05"]

1. c4 Nf6 2. Nc3 g6 3. e4 d6 4. d4 Bg7 5. f3 O-O 6. Be3 e5 7. d5 c6 8. Bd3 cxd5
9. cxd5 a6 10. Nge2 Nh5 11. O-O f5 12. exf5 gxf5 13. Kh1 Nd7 14. Bxf5 Rxf5 15.
g4 Ndf6 16. gxf5 Bxf5 17. Rg1 Bg6 18. Ng3 Nxg3+ 19. Rxg3 Qa5 20. Qd2 Nh5 21.
Rxg6 hxg6 22. Rg1 Rf8 23. Qg2 Qd8 24. Qxg6 Qh4 25. Ne4 Rf7 26. Ng5 Re7 27. Qh7+
Kf8 28. Ne6+ Rxe6 29. Rxg7 Qe1+ 30. Rg1 Ng3+ 31. hxg3 Qxe3 32. Qf5+ Kg7 33.
dxe6 Qh6+ 34. Kg2 1-0

[Event "XLVI Festival A"]
[Site "Imperia ITA"]
[Date "2004.09.11"]
[Round "8"]
[White "Simacek, Pavel"]
[Black "Maksimenko, Andrei"]
[WhiteElo "2439"]
[BlackElo "2524"]
[Result "1/2-1/2"]
[PlyCount "46"]
[EventDate "2004.09.05"]

1. e4 c6 2. d4 d5 3. exd5 cxd5 4. c4 Nf6 5. Nc3 Nc6 6. Nf3 Bg4 7. cxd5 Nxd5 8.
Qb3 Bxf3 9. gxf3 e6 10. Qxb7 Nxd4 11. Bb5+ Nxb5 12. Qc6+ Ke7 13. Qxb5 Qd7 14.
Nxd5+ Qxd5 15. Bg5+ f6 16. Qxd5 exd5 17. Be3 Ke6 18. O-O-O Bb4 19. a3 Rhc8+ 20.
Kb1 Bc5 21. Rhe1 Bxe3 22. Rxe3+ Kd6 23. Rde1 Rc4 1/2-1/2

[Event "XLVI Festival A"]
[Site "Imperia ITA"]
[Date "2004.09.11"]
[Round "8"]
[White "Svacina, Petr"]
[Black "Blasco, Domenico"]
[WhiteElo "2046"]
[BlackElo "2033"]
[Result "1-0"]
[PlyCount "83"]
[EventDate "2004.09.05"]

1. e4 g6 2. d4 Bg7 3. c4 d6 4. Nc3 Nd7 5. Be3 e5 6. d5 Ne7 7. Bd3 Nc5 8. Bc2 f5
9. f3 f4 10. Bf2 O-O 11. b4 Nd7 12. c5 Nf6 13. Bb3 Kh8 14. Nge2 a6 15. a4 g5
16. a5 g4 17. Qd3 Qe8 18. O-O-O Bd7 19. Kb1 Qh5 20. Ba4 Ng6 21. Bxd7 Nxd7 22.
Na4 Nh4 23. Bxh4 Qxh4 24. Nc1 Qe7 25. Nb3 gxf3 26. gxf3 Rg8 27. Rhg1 Bf6 28.
Qc4 Bh4 29. c6 bxc6 30. Qxc6 Nf6 31. Rxg8+ Rxg8 32. Qxa6 Rg2 33. Qc8+ Kg7 34.
Qh3 Re2 35. Qxh4 Nxd5 36. Qg4+ Kf7 37. Rxd5 Rxh2 38. Rd2 Rh1+ 39. Kb2 Qe8 40.
Nc3 c5 41. bxc5 dxc5 42. Rd7+ 1-0

[Event "XLVI Festival A"]
[Site "Imperia ITA"]
[Date "2004.09.11"]
[Round "8"]
[White "Zanetti, Alberto"]
[Black "Unterfrauner, Albert"]
[WhiteElo "2191"]
[BlackElo "2167"]
[Result "1-0"]
[PlyCount "99"]
[EventDate "2004.09.05"]

1. e4 c5 2. Nf3 e6 3. d4 cxd4 4. Nxd4 a6 5. c4 Qc7 6. Bd3 Nf6 7. O-O d6 8. Nc3
Nbd7 9. Nf3 b6 10. Bf4 Be7 11. Rc1 Bb7 12. b3 Nc5 13. Re1 Nxd3 14. Qxd3 Rd8 15.
h3 Nd7 16. Qe2 O-O 17. Red1 Rfe8 18. Bg3 Qb8 19. Nh2 Nf6 20. Nf1 Qa8 21. f3 Nh5
22. Bf2 Nf4 23. Qd2 Bg5 24. Be3 e5 25. Kh2 Qc8 26. Nd5 f5 27. Nxb6 Qe6 28. Nd5
fxe4 29. fxe4 Qh6 30. Ng3 Bxd5 31. Nf5 Qf6 32. cxd5 g6 33. Ng3 Qg7 34. Re1 Qh6
35. Rc6 Qh4 36. Rxa6 Rf8 37. Rc1 Qh6 38. Rc3 Rf7 39. Nh1 Rdf8 40. Nf2 Nxh3 41.
Nxh3 Bf4+ 42. Bxf4 exf4 43. Rxd6 Qh5 44. Re6 g5 45. Re5 h6 46. d6 f3 47. Rxf3
Rxf3 48. gxf3 Rxf3 49. Qd5+ Rf7 50. Rf5 1-0

[Event "XLVI Festival A"]
[Site "Imperia ITA"]
[Date "2004.09.12"]
[Round "9"]
[White "Barlocco, Carlo"]
[Black "Poloch, Petr"]
[WhiteElo "2148"]
[BlackElo "2291"]
[Result "1/2-1/2"]
[PlyCount "32"]
[EventDate "2004.09.05"]

1. e4 c5 2. Nc3 e6 3. g3 Nc6 4. Bg2 Nf6 5. Nf3 d6 6. O-O Be7 7. Re1 O-O 8. d4
cxd4 9. Nxd4 Qc7 10. Ncb5 Qd7 11. c4 a6 12. Nxc6 bxc6 13. Nc3 Qc7 14. b3 Bb7
15. Bb2 Rfd8 16. Qe2 c5 1/2-1/2

[Event "XLVI Festival A"]
[Site "Imperia ITA"]
[Date "2004.09.12"]
[Round "9"]
[White "Blasco, Domenico"]
[Black "Fornaro, Alberto"]
[WhiteElo "2033"]
[BlackElo "2002"]
[Result "1-0"]
[PlyCount "71"]
[EventDate "2004.09.05"]

1. d4 f5 2. Bg5 c6 3. c4 Nf6 4. Bxf6 exf6 5. Nc3 Bb4 6. Qc2 d5 7. e3 Be6 8. c5
O-O 9. Bd3 g6 10. Nge2 Na6 11. a3 Bxc3+ 12. Qxc3 Nc7 13. Nf4 Bf7 14. h4 Qd7 15.
Qc2 Ne6 16. g3 Nxf4 17. gxf4 h5 18. O-O-O Kh7 19. Rhg1 Rg8 20. Rg3 b5 21. Rdg1
Rae8 22. Kb1 Re4 23. Bxe4 dxe4 24. Kc1 a5 25. Qc3 Qd8 26. Kd2 a4 27. Ke2 Bd5
28. Kf1 Kh6 29. Kg2 g5 30. fxg5+ fxg5 31. Rxg5 Rxg5+ 32. hxg5+ Qxg5+ 33. Kf1
Bc4+ 34. Qxc4 Qxg1+ 35. Kxg1 bxc4 36. d5 1-0

[Event "XLVI Festival A"]
[Site "Imperia ITA"]
[Date "2004.09.12"]
[Round "9"]
[White "Faraci, Antonino"]
[Black "Astengo, Marcello"]
[WhiteElo "2078"]
[BlackElo "2056"]
[Result "0-1"]
[PlyCount "80"]
[EventDate "2004.09.05"]

1. Nf3 d5 2. b3 Bf5 3. Bb2 e6 4. e3 c5 5. Bb5+ Nc6 6. Bxc6+ bxc6 7. O-O h6 8.
d3 Nf6 9. Nbd2 Be7 10. Qe2 O-O 11. Ne5 Rc8 12. g4 Bh7 13. f4 Ne8 14. Rf2 Nd6
15. Raf1 Nb5 16. a4 Nd6 17. Rg2 f6 18. Nef3 g5 19. h4 Nf7 20. hxg5 hxg5 21. Rh2
Bd6 22. Kg2 gxf4 23. g5 fxg5 24. Rfh1 Bf5 25. e4 Bg4 26. exd5 cxd5 27. Rh8+
Nxh8 28. Rxh8+ Kf7 29. Ne5+ Bxe5 30. Rh7+ Ke8 31. Qxg4 Qf6 32. Qh5+ Kd8 33. Rh6
Qf5 34. Bc1 Kc7 35. Nf3 Bf6 36. Rh7+ Kb6 37. a5+ Kc6 38. Rxa7 Rc7 39. Ra6+ Kb7
40. Rb6+ Ka7 0-1